[Event "Salerno op"]
[Site "Salerno "]
[Date "2012.01.27"]
[Round "1"]
[White "Di Lascio, Savino"]
[Black "D'Errico, Francesco"]
[Result "1/2-1/2"]
[WhiteElo "1992"]
[BlackElo "1766"]
[PlyCount "60"]
[EventDate "2012.01.27"]
[EventType "swiss"]
[EventRounds "6"]
[EventCountry "ITA"]
[SourceTitle "EXT 2014"]
[Source "ChessBase"]
[SourceDate "2013.11.20"]
[SourceVersion "1"]
[SourceVersionDate "2013.11.20"]
[SourceQuality "1"]

1. e4 c6 2. Nf3 d5 3. e5 Bg4 4. h3 Bxf3 5. Qxf3 e6 6. d4 Nd7 7. Bd3 c5 8. c3 Ne7 9. Bg5 Qb6 10. 0-0 cxd4 11. Qe2 dxc3 12. Nxc3 Nc6 13. Rac1 a6 14. Kh1 Be7 15. Nxd5 exd5 16. e6 Nf6 17. Rfe1 0-0 18. Bxf6 Bxf6 19. Qh5 g6 20. exf7+ Rxf7 21. Qxd5 Nb4 22. Qb3 Kg7 23. a3 Qxf2 24. Bc4 Re7 25. Qxb4 Rxe1+ 26. Rxe1 b5 27. Bd5 Ra7 28. Re8 Bd4 29. Kh2 Qg1+ 30. Kg3 Qf2+ 1/2-1/2

[Event "Napoli Porreca Cup 1st"]
[Site "Napoli"]
[Date "2011.11.03"]
[Round "6"]
[White "Donadio, Andrea"]
[Black "D'Errico, Francesco"]
[Result "1-0"]
[WhiteElo "1872"]
[BlackElo "1788"]
[PlyCount "77"]
[EventDate "2011.09.22"]
[EventType "swiss"]
[EventRounds "7"]
[EventCountry "ITA"]
[SourceTitle "EXT 2018"]
[Source "ChessBase"]
[SourceDate "2017.10.13"]
[SourceVersion "1"]
[SourceVersionDate "2017.10.13"]
[SourceQuality "1"]

1. Nf3 d5 2. g3 Nf6 3. Bg2 c6 4. 0-0 Bf5 5. d3 e6 6. Nbd2 h6 7. Re1 Be7 8. e4 Bh7 9. h4 0-0 10. e5 Nfd7 11. Nf1 c5 12. N1h2 Nc6 13. Bf4 Rc8 14. Qd2 Re8 15. Ng4 Bf8 16. c3 b5 17. Ngh2 c4 18. d4 a6 19. g4 b4 20. h5 Rb8 21. g5 bxc3 22. bxc3 hxg5 23. Nxg5 Qb6 24. Nxh7 Kxh7 25. h6 g6 26. Nf3 Be7 27. Bg5 Qb2 28. Qf4 Rf8 29. Bxe7 Nxe7 30. Ng5+ Kg8 31. h7+ Kg7 32. h8Q+ Rxh8 33. Qxf7+ Kh6 34. Qxe7 Rhf8 35. Nf7+ Kg7 36. Nd8+ Kh8 37. Qh4+ Kg8 38. Nxe6 Rf7 39. Bxd5 1-0

[Event "Giugliano op 5th"]
[Site "Giugliano"]
[Date "2010.09.25"]
[Round "2"]
[White "D'Errico, Francesco"]
[Black "Nipote, Mario"]
[Result "1/2-1/2"]
[WhiteElo "1744"]
[BlackElo "1603"]
[PlyCount "104"]
[EventDate "2010.09.24"]
[EventType "swiss"]
[EventRounds "5"]
[EventCountry "ITA"]
[SourceTitle "EXT 2024"]
[Source "ChessBase"]
[SourceDate "2023.10.10"]
[SourceVersion "1"]
[SourceVersionDate "2023.10.10"]
[SourceQuality "1"]

1. d4 d5 2. Bf4 Nc6 3. e3 e6 4. Nd2 Nb4 5. c3 Na6 6. Ngf3 Nf6 7. Bd3 c5 8. Ne5 cxd4 9. exd4 Be7 10. 0-0 Nb8 11. Re1 Nc6 12. Ndf3 a6 13. Qe2 Nh5 14. Bd2 Nf6 15. Nxc6 bxc6 16. b4 0-0 17. Ne5 Bb7 18. Bg5 Ne4 19. Bxe7 Qxe7 20. Rac1 f5 21. f3 Nd6 22. Bb1 a5 23. a3 Qe8 24. Bd3 Rf6 25. Qe3 Nf7 26. Nxf7 Qxf7 27. f4 axb4 28. axb4 Ba6 29. Ra1 Qb7 30. Bc2 Bc4 31. Qc1 Qb8 32. g3 h6 33. Ra3 Qb7 34. Qa1 Rxa3 35. Qxa3 Qa6 36. Ra1 Qxa3 37. Rxa3 Rf8 38. Ra5 g6 39. h4 Kg7 40. Ba4 Rc8 41. Kf2 Kf6 42. Ra7 Bb5 43. Bb3 Bc4 44. Bxc4 dxc4 45. Ra5 Rc7 46. Rc5 g5 47. hxg5+ hxg5 48. b5 gxf4 49. gxf4 Ke7 50. Ke3 Kd6 51. Rxc4 cxb5 52. Rxc7 Kxc7 1/2-1/2

[Event "Giugliano op 5th"]
[Site "Giugliano"]
[Date "2010.09.25"]
[Round "3"]
[White "Ponticelli, Carmine"]
[Black "D'Errico, Francesco"]
[Result "1-0"]
[WhiteElo "1431"]
[BlackElo "1744"]
[PlyCount "39"]
[EventDate "2010.09.24"]
[EventType "swiss"]
[EventRounds "5"]
[EventCountry "ITA"]
[SourceTitle "EXT 2024"]
[Source "ChessBase"]
[SourceDate "2023.10.10"]
[SourceVersion "1"]
[SourceVersionDate "2023.10.10"]
[SourceQuality "1"]

1. e4 c6 2. Nf3 d5 3. exd5 cxd5 4. d4 Nf6 5. Nc3 Bg4 6. Bf4 a6 7. Be2 e6 8. a3 Nc6 9. Ne5 Bxe2 10. Nxc6 Bxd1 11. Nxd8 Bxc2 12. Nxb7 Rc8 13. Bd6 Kd7 14. Bxf8 Rhxf8 15. Nc5+ Ke7 16. Nxa6 Nd7 17. Nb4 Bb3 18. 0-0 Rc4 19. Rfe1 Rxd4 20. Nc6+ 1-0

[Event "Giugliano op 5th"]
[Site "Giugliano"]
[Date "2010.09.24"]
[Round "1"]
[White "Seletsky, Grigory"]
[Black "D'Errico, Francesco"]
[Result "1-0"]
[WhiteElo "2295"]
[BlackElo "1744"]
[PlyCount "23"]
[EventDate "2010.09.24"]
[EventType "swiss"]
[EventRounds "5"]
[EventCountry "ITA"]
[SourceTitle "EXT 2024"]
[Source "ChessBase"]
[SourceDate "2023.10.10"]
[SourceVersion "1"]
[SourceVersionDate "2023.10.10"]
[SourceQuality "1"]

1. e4 c6 2. Nc3 d5 3. Nf3 dxe4 4. Nxe4 Nd7 5. Bc4 Ngf6 6. Neg5 Nd5 7. d4 N7b6 8. Bd3 Bg4 9. Nxf7 Kxf7 10. Ne5+ Ke8 11. Qxg4 Nf6 12. Qg6+ 1-0

[Event "Giugliano op 4th"]
[Site "Giugliano"]
[Date "2009.09.18"]
[Round "2"]
[White "D'Errico, Francesco"]
[Black "Fammiano, Giacomo"]
[Result "1-0"]
[WhiteElo "1747"]
[BlackElo "1698"]
[PlyCount "58"]
[EventDate "2009.09.18"]
[EventType "swiss"]
[EventRounds "6"]
[EventCountry "ITA"]
[SourceTitle "EXT 2012"]
[Source "ChessBase"]
[SourceDate "2011.11.24"]
[SourceVersion "1"]
[SourceVersionDate "2011.11.24"]
[SourceQuality "1"]

1. d4 d5 2. Bf4 Nf6 3. e3 e6 4. c3 Be7 5. Bd3 Nbd7 6. Nd2 c5 7. h3 c4 8. Bc2 a5 9. Ngf3 a4 10. 0-0 Qb6 11. Rb1 Bd6 12. Bxd6 Qxd6 13. e4 Qc7 14. e5 Ng8 15. Qe2 Ne7 16. Nh2 b5 17. a3 Bb7 18. f4 g6 19. Ng4 h5 20. Ne3 Nf5 21. Bxf5 gxf5 22. Nf3 f6 23. Rf2 fxe5 24. fxe5 0-0-0 25. Ng5 Rde8 26. Nf7 Nxe5 27. Nxe5 Qg7 28. Nf1 Re7 29. Nh2 Kc7 1-0

[Event "Napoli Basile Memorial-B"]
[Site "Napoli"]
[Date "2007.06.29"]
[Round "4"]
[White "Della Pietra, Antonio"]
[Black "D'Errico, Francesco"]
[Result "1-0"]
[WhiteElo "1611"]
[BlackElo "1667"]
[PlyCount "39"]
[EventDate "2007.06.07"]
[EventType "swiss"]
[EventRounds "7"]
[EventCountry "ITA"]
[SourceTitle "EXT 2010"]
[Source "ChessBase"]
[SourceDate "2010.11.25"]
[SourceVersion "1"]
[SourceVersionDate "2010.11.25"]
[SourceQuality "1"]

1. e4 e6 2. Nf3 d5 3. exd5 exd5 4. d4 Bd6 5. Nc3 c6 6. Bd3 Ne7 7. Ng5 h6 8. Qh5 Rf8 9. Nf3 Qc7 10. 0-0 Nd7 11. Re1 Nf6 12. Qh4 Nfg8 13. Ne5 Be6 14. Bd2 0-0-0 15. a3 f6 16. Nxc6 Nxc6 17. Rxe6 g5 18. Qg4 Bxh2+ 19. Kh1 Bf4 20. Rxc6+ 1-0